Most Guessed Languages - Statistics

General Stats
  • This quiz has been taken 48 times
  • The average score is 17 of 20
Answer Stats
% Guessed Language % Correct
100 English
100%
96 French
100%
98 Spanish
100%
92 German
98%
90 Portuguese
98%
84 Japanese
93%
85 Italian
91%
91 Mandarin
91%
89 Russian
91%
84 Arabic
89%
72 Hindi
86%
65 Korean
84%
68 Dutch
82%
58 Turkish
80%
66 Polish
75%
55 Vietnamese
73%
55 Thai
66%
48 Persian
61%
60 Cantonese
59%
59 Malay/Indonesian
57%
No matching quizzes found
Score Distribution
Percent of People with Each Score
Percentile by Number Answered
Your Score History
You have not taken this quiz